<?xml version="1.0" encoding="UTF-8"?><?xml-stylesheet type="text/xsl" href="static/style.xsl"?><OAI-PMH xmlns="http://www.openarchives.org/OAI/2.0/" xmlns:xsi="http://www.w3.org/2001/XMLSchema-instance" xsi:schemaLocation="http://www.openarchives.org/OAI/2.0/ http://www.openarchives.org/OAI/2.0/OAI-PMH.xsd"><responseDate>2026-06-01T04:35:57Z</responseDate><request verb="GetRecord" identifier="oai:riuma.uma.es:10630/32737" metadataPrefix="marc">https://riuma.uma.es/rest/oai/request</request><GetRecord><record><header><identifier>oai:riuma.uma.es:10630/32737</identifier><datestamp>2026-02-03T11:35:33Z</datestamp><setSpec>com_10630_2254</setSpec><setSpec>col_10630_37953</setSpec></header><metadata><record xmlns="http://www.loc.gov/MARC21/slim" xmlns:dcterms="http://purl.org/dc/terms/" xmlns:doc="http://www.lyncode.com/xoai" xmlns:xsi="http://www.w3.org/2001/XMLSchema-instance" xsi:schemaLocation="http://www.loc.gov/MARC21/slim http://www.loc.gov/standards/marcxml/schema/MARC21slim.xsd">
   <leader>00925njm 22002777a 4500</leader>
   <datafield ind2=" " ind1=" " tag="042">
      <subfield code="a">dc</subfield>
   </datafield>
   <datafield ind2=" " ind1=" " tag="720">
      <subfield code="a">Claros-Gil, Silvia</subfield>
      <subfield code="e">author</subfield>
   </datafield>
   <datafield ind2=" " ind1=" " tag="720">
      <subfield code="a">Alonso, Mónica</subfield>
      <subfield code="e">author</subfield>
   </datafield>
   <datafield ind2=" " ind1=" " tag="720">
      <subfield code="a">Becerra-Ratia, José</subfield>
      <subfield code="e">author</subfield>
   </datafield>
   <datafield ind2=" " ind1=" " tag="720">
      <subfield code="a">Andrades-Gómez, José Antonio</subfield>
      <subfield code="e">author</subfield>
   </datafield>
   <datafield ind2=" " ind1=" " tag="260">
      <subfield code="c">2008-10-26</subfield>
   </datafield>
   <datafield ind2=" " ind1=" " tag="520">
      <subfield code="a">Bone  marrow  (BM)  has  been  long  established  as  the  main  source  of  pluripotential  mesenchymal  stem  cells (MSCs),  and  has  been  so  far  the  main  recognized  source  of  osteoprogenitor  cells  that  contribute  to  the turnover  of  the skeletal  scaffold.  The  existence  of  an  osteoprogenitor  cell  in  other  connective  tissues  such  as  skeletal  muscle  has  been reported. In light of its availability and because of the relative ease of  muscle cell isolation, skeletal muscle is an attractive source of cells  for use in tissue engineering applications. The aim of this study  was to explore the potential to differentiate into  the  chondro-osteoblastic  lineage  of  a  plastic adhering  cell  population,  referred  t  as  skeletal  muscle-derived  cells (SMDCs), obtained from biopsies of rat skeletal muscle. SMDCs displayed a fibroblast-like morphology. Our study revealed that  the  isolated  cell  population  had  a  mesenchymal  origin  as  indicated  by  abundant  expression  of  STRO-1  and  CD166. Osteogenic markers like osteocalcin (OC), bone sialoprotein (BSP)and osteopontin (OP) gene expressions were detected by RT-PCR. When these cells were cultured in the presence of an osteo-inductive culture medium, positive staining for alkaline phosphatase  (ALP)  and  formation  of  mineralized  matrix  were  increased.  Furthermore  SMDCs  formed  bone  and  cartilage tissues in  vivo  when  placed  inside  of  diffusion  chambers  and  in  demineralized  bone  matrix  (DBM)  cylinders,  implanted subdermically  into  the  backs  of  rat  for  28  days.  In  conclusion,  this  experimental  procedure  is  capable  of  selecting  a  cell population obtained from the skeletal muscle that is able to complete the differentiation pathway leading to the formation of cartilage  and  bone.  In  this  respect  SMDCs  resemble  BM  stromal  cells  (BMSCs)  and  have  demonstrated  a  potential application for cartilage and bone tissue engineering.</subfield>
   </datafield>
   <datafield ind1="8" ind2=" " tag="024">
      <subfield code="a">https://hdl.handle.net/10630/32737</subfield>
   </datafield>
   <datafield ind1="8" ind2=" " tag="024">
      <subfield code="a">10.1170/T825</subfield>
   </datafield>
   <datafield tag="653" ind2=" " ind1=" ">
      <subfield code="a">Células madre</subfield>
   </datafield>
   <datafield tag="653" ind2=" " ind1=" ">
      <subfield code="a">Huesos - Crecimiento - Modelos animales</subfield>
   </datafield>
   <datafield ind2="0" ind1="0" tag="245">
      <subfield code="a">Selection and induction of rat skeletal muscle-derived cells to the chondro-osteogenic lineage.</subfield>
   </datafield>
</record>
</metadata></record></GetRecord></OAI-PMH>